logo

Bir Sreshtho Munshi Abdur Rouf Library
Jhenaidah Cadet College

সাধারণ উদ্ভিদবিজ্ঞান / (Record no. 7588)

MARC details
000 -LEADER
fixed length control field 00750nam a2200241 a 4500
001 - CONTROL NUMBER
JCCL Control Number 7588
003 - CONTROL NUMBER IDENTIFIER
JCCL marc code BD-JhCC
005 - DATE AND TIME OF LATEST TRANSACTION
control field 20180212091344.0
008 - FIXED-LENGTH DATA ELEMENTS--GENERAL INFORMATION
fixed length control field 180212s1995 bg a|||| ||a| 000 0 be d
020 ## - INTERNATIONAL STANDARD BOOK NUMBER
International Standard Book Number 984073265
035 ## - SYSTEM CONTROL NUMBER
system control number (BD-JhCC)7588
040 ## - CATALOGING SOURCE
Original cataloging agency BD-JhCC
Modifying agency BD-JhCC
041 ## - LANGUAGE CODE
Language code of Book ben
082 ## - DEWEY DECIMAL CLASSIFICATION NUMBER
Classification number 582
Author mark and Year RAY 1995
100 ## - MAIN ENTRY--PERSONAL NAME
Personal name রায়,শ্যামল কুমার .
245 ## - TITLE STATEMENT
Title সাধারণ উদ্ভিদবিজ্ঞান /
Statement of responsibility, etc শ্যামল কুমার রায়.
260 ## - PUBLICATION, DISTRIBUTION, ETC. (IMPRINT)
Place of publication, distribution, etc ঢাকা :
Name of publisher, distributor, etc বাংলা একাডেমী ;
Date of publication, distribution, etc 1995.
300 ## - PHYSICAL DESCRIPTION
Pagination 347 p. :
Other physical details ill ;
Dimensions 22 cm
651 ## - SUBJECT ADDED ENTRY--GEOGRAPHIC NAME
Geographic name Botany
700 ## - ADDED ENTRY--PERSONAL NAME
Personal name পাল,নিশীথ কুমার
942 ## - ADDED ENTRY ELEMENTS (KOHA)
Source of classification or shelving scheme Library of Congress Classification
Koha item type Books
Holdings
Source of classification or shelving scheme Damaged status Not for loan Home library Current library Shelving location Date of accession Cost, normal purchase price Total Checkouts Full call number Barcode Date last seen Copy number Koha item type
Dewey Decimal Classification     JCC Rouf Library JCC Rouf Library General Stacks 02/12/2018 100.00   582 RAY 1995 10170 02/12/2018 C-1 Books
Dewey Decimal Classification     JCC Rouf Library JCC Rouf Library General Stacks   80.00   582 RAY 1995 10243 02/12/2018 C-2 Books

JCC Library | Contacts | JCC Home

Last Update on 23 September 2017
Copyright @ 2017-2020 JCC Rouf Library
Rouf Library, Jhenidah Cadet College (JCC), Bangladesh